000 01398nam0a2200349 4500
001 RU\NLR\BIBL_A\011892984
005 20181229093211.0
010 _a978-5-353-09104-2
021 _aRU
_bКН-П-18-088781
_9КН-П-18-6445
035 _a(NLR Aleph) 011892984
035 _a(RuMoRGB)009814570
090 _a10841157
_c10841157
100 _a20181217d2019 b y0rusy50 ca
101 1 _arus
_cita
102 _aRU
105 _aa|||z|||000zy
200 1 _aМортина и таинственный призрак
_eчудовищно увлекательная история
_fтекст и иллюстрации Барбары Кантини
_gперевод с итальянского Татьяны Стамовой
210 _aМосква
_cРОСМЭН
_d2019 [т.е. 2018]
215 _a[48] с.
_cцв. ил.
_d22
225 1 _aСерия "Мортина"
300 _aФактическая дата выхода в свет - 2018
333 _a0+; для детей до 3 лет
686 0 _aШ9(4Ит)60-4
700 1 _aКантини
_bБ.
_f1977-
_gБарбара
_3RU\NLR\AUTH\770197612
702 1 _aКантини
_bБ.
_f1977-
_gБарбара
_3RU\NLR\AUTH\770197612
_4040
942 _cBOOK
980 _aNBR
980 _aNB